00273nam a2200109Ia 4500008004100000100002600041245003200067260003300099300000900132942000700141999001500148190216s9999||||xx |||||||||||||| ||und|| aShekhar & Shekhar 0aBanking Theory And Practice bVikas Publishing Housec1999 a870p cBK c9102d9102